000 00602cam a22002293a 4500
001 25636
003 PGUSA
005 20140828083542.0
008 080529s2008||||xxu|||||s|||||000 | eng d
040 _aPGUSA
_beng
042 _adc
050 4 _aPL
100 1 _aTianhuazangzhuren
245 1 0 _a玉雙魚
_h[electronic resource] /
_cTianhuazangzhuren
260 _bProject Gutenberg,
_c2008
506 _aPublic domain in the USA.
516 _aElectronic text
740 0 _aFei hua yong
830 0 _aProject Gutenberg
_v25636
856 4 0 _uhttp://www.gutenberg.org/ebooks/25636
942 _cEB
999 _c254891
_d254891